[Event "Parramatta NSW op"]
[Site "Parramatta"]
[Date "2011.06.11"]
[Round "2"]
[White "Hill, Martin"]
[Black "Illingworth, Max"]
[Result "0-1"]
[WhiteElo "1997"]
[BlackElo "2372"]
[PlyCount "58"]
[EventDate "2011.06.11"]
[EventType "swiss"]
[EventRounds "7"]
[EventCountry "AUS"]
[SourceTitle "CBM 142 Extra"]
[Source "ChessBase"]
[SourceDate "2011.06.27"]
[SourceVersion "1"]
[SourceVersionDate "2011.06.27"]
[SourceQuality "1"]

1. d4 Nf6 2. c4 c6 3. Nf3 d5 4. e3 Bf5 5. Nc3 e6 6. Nh4 Be4 7. f3 Bg6 8. Qb3 Qc7 9. g3 Be7 10. Bd2 Nbd7 11. Rc1 Rc8 12. Kf2 0-0 13. Nxg6 hxg6 14. Bh3 dxc4 15. Qxc4 e5 16. Ne2 Rcd8 17. Rhd1 Qb8 18. b4 Rfe8 19. e4 exd4 20. Bxd7 Nxd7 21. Nxd4 Ne5 22. Qc3 Bxb4 23. Qe3 Qd6 24. Bxb4 Qxb4 25. Rb1 Qc4 26. Rd2 c5 27. Nb3 Rxd2+ 28. Qxd2 Nxf3 29. Qd7 Qxe4 0-1

[Event "Gordon Hoskyn Memorial"]
[Site "Palmerston North"]
[Date "2009.08.29"]
[Round "5"]
[White "Holdaway, Stewart"]
[Black "Hill, Martin"]
[Result "0-1"]
[WhiteElo "1645"]
[BlackElo "1965"]
[PlyCount "68"]
[EventDate "2009.08.29"]
[EventType "swiss (rapid)"]
[EventRounds "6"]
[EventCountry "NZL"]
[SourceTitle "EXT 2018"]
[Source "ChessBase"]
[SourceDate "2017.10.13"]
[SourceVersion "1"]
[SourceVersionDate "2017.10.13"]
[SourceQuality "1"]

1. e4 e6 2. d4 d5 3. e5 c5 4. c3 Nc6 5. Nf3 Bd7 6. Bd3 Qb6 7. 0-0 cxd4 8. cxd4 Nxd4 9. Nxd4 Qxd4 10. Nc3 Qxe5 11. Re1 Qb8 12. Nxd5 Bd6 13. h3 Ne7 14. Nxe7 Bxe7 15. Qf3 Bc6 16. Be4 Bxe4 17. Rxe4 Qc7 18. Bf4 Bd6 19. Rc1 Qb6 20. Rec4 0-0 21. Bxd6 Qxd6 22. Qxb7 h6 23. Rc7 Rab8 24. Qxa7 Rxb2 25. a4 Qf4 26. a5 Rfb8 27. Qe3 Qxe3 28. fxe3 Ra2 29. Rc8+ Rxc8 30. Rxc8+ Kh7 31. Rc5 Kg6 32. Kh2 f6 33. Kg3 e5 34. Kf3 Ra4 0-1